All Melbourne Train Stations - Statistics

General Stats
  • This quiz has been taken 28 times
  • The average score is 112 of 212
Answer Stats
Answer % Correct
Flinders Street
93%
Alamein
87%
Flagstaff
87%
Frankston
87%
Melbourne Central
87%
Richmond
87%
Sandringham
87%
Ashburton
80%
East Richmond
80%
Mernda
80%
Pakenham
80%
Parliament
80%
Upfield
80%
Belgrave
73%
Brighton Beach
73%
Collingwood
73%
Craigieburn
73%
Essendon
73%
Hawthorn
73%
Lilydale
73%
Merri
73%
North Richmond
73%
South Yarra
73%
Werribee
73%
West Richmond
73%
Williamstown
73%
Altona
67%
Burnley
67%
Camberwell
67%
Fawkner
67%
Footscray
67%
Kensington
67%
Middle Brighton
67%
North Brighton
67%
North Melbourne
67%
Southern Cross
67%
Victoria Park
67%
West Footscray
67%
Albion
60%
Ascot Vale
60%
Auburn
60%
Box Hill
60%
Burwood
60%
Cardinia Road
60%
Carnegie
60%
Cranbourne
60%
Dandenong
60%
Diggers Rest
60%
Elsternwick
60%
Eltham
60%
Epping
60%
Glenferrie
60%
Glen Waverley
60%
Hoppers Crossing
60%
Hurstbridge
60%
Ivanhoe
60%
Jolimont
60%
Kananook
60%
Middle Footscray
60%
Oakleigh
60%
Officer
60%
Prahran
60%
Roxburgh Park
60%
Seaholme
60%
Seddon
60%
South Kensington
60%
South Morang
60%
Sunbury
60%
Sunshine
60%
Toorak
60%
Wattle Glen
60%
Westona
60%
Williams Landing
60%
Williamstown Beach
60%
Windsor
60%
Yarraville
60%
Bell
53%
Berwick
53%
Blackburn
53%
Brunswick
53%
Caulfield
53%
Clayton
53%
Coburg
53%
Coolaroo
53%
Croydon
53%
Diamond Creek
53%
Eaglemont
53%
East Pakenham
53%
Glen Huntly
53%
Glen Iris
53%
Hallam
53%
Hawksburn
53%
Hawkstowe
53%
Huntingdale
53%
Jewell
53%
Lalor
53%
Mentone
53%
Moorabbin
53%
Mooroolbark
53%
Murrumbeena
53%
Northcote
53%
Ormond
53%
Pascoe Vale
53%
Riversdale
53%
Rushall
53%
St Albans
53%
Tecoma
53%
Union
53%
Watergardens
53%
Willison
53%
Yarraman
53%
Aircraft
47%
Alphington
47%
Anstey
47%
Armadale
47%
Batman
47%
Beaconsfield
47%
Broadmeadows
47%
Carrum
47%
Chelsea
47%
Darebin
47%
Dennis
47%
East Camberwell
47%
Gardiner
47%
Ginifer
47%
Glenbervie
47%
Gowrie
47%
Hampton
47%
Heathmont
47%
Heidelberg
47%
Hughesdale
47%
Keilor Plains
47%
Laverton
47%
Lynbrook
47%
Macleod
47%
Merinda Park
47%
Middle Gorge
47%
Mitcham
47%
Mordialloc
47%
Mount Waverley
47%
Narre Warren
47%
Newmarket
47%
Newport
47%
North Williamstown
47%
Patterson
47%
Reservoir
47%
Ringwood
47%
Ringwood East
47%
Ripponlea
47%
Rosanna
47%
Royal Park
47%
Ruthven
47%
Southland
47%
Spotswood
47%
Strathmore
47%
Syndal
47%
Thornbury
47%
Tooronga
47%
Upper Ferntree Gully
47%
Upwey
47%
Balaclava
40%
Bentleigh
40%
Canterbury
40%
Cheltenham
40%
Clifton Hill
40%
Croxton
40%
Darling
40%
East Malvern
40%
Fairfield
40%
Ferntree Gully
40%
Flemington Racecourse
40%
Gardenvale
40%
Glenroy
40%
Greensborough
40%
Hartwell
40%
Heyington
40%
Holmesglen
40%
Jacana
40%
Jordanville
40%
Laburnum
40%
Macaulay
40%
Malvern
40%
Merlynston
40%
Moonee Ponds
40%
Noble Park
40%
Oak Park
40%
Preston
40%
Regent
40%
Sandown Park
40%
Seaford
40%
Springvale
40%
Thomastown
40%
Tottenham
40%
Watsonia
40%
Westall
40%
Bayswater
33%
Bonbeach
33%
Boronia
33%
Chatham
33%
Edithvale
33%
Flemington Bridge
33%
Heatherdale
33%
Highett
33%
Keon Park
33%
Kooyong
33%
McKinnon
33%
Montmorency
33%
Nunawading
33%
Parkdale
33%
Westgarth
33%
Aspendale
27%
Moreland
27%
No matching quizzes found
Score Distribution
Percent of People with Each Score
Percentile by Number Answered
Your Score History
You have not taken this quiz